<?xml version="1.0" encoding="UTF-8"?>
<marc:record xmlns:marc="http://www.loc.gov/MARC21/slim" type="Bibliographic">
   <marc:leader>00000pam a2200000 cb4500</marc:leader>
   <marc:controlfield tag="001">1080140654</marc:controlfield>
   <marc:controlfield tag="003">DE-101</marc:controlfield>
   <marc:controlfield tag="005">20171202152403.0</marc:controlfield>
   <marc:controlfield tag="007">tu</marc:controlfield>
   <marc:controlfield tag="008">151214s2016    gw ||||| |||| 00||||ger  </marc:controlfield>
   <marc:datafield ind1=" " ind2=" " tag="015">
      <marc:subfield code="a">16,A16</marc:subfield>
      <marc:subfield code="z">16,N01</marc:subfield>
      <marc:subfield code="2">dnb</marc:subfield>
   </marc:datafield>
   <marc:datafield ind1="7" ind2=" " tag="016">
      <marc:subfield code="2">DE-101</marc:subfield>
      <marc:subfield code="a">1080140654</marc:subfield>
   </marc:datafield>
   <marc:datafield ind1=" " ind2=" " tag="020">
      <marc:subfield code="a">9783649669203</marc:subfield>
      <marc:subfield code="c">Festeinband : EUR 13.40 (AT), sfr 17.90 (freier Pr.), EUR 12.99 (DE)</marc:subfield>
      <marc:subfield code="9">978-3-649-66920-3</marc:subfield>
   </marc:datafield>
   <marc:datafield ind1=" " ind2=" " tag="020">
      <marc:subfield code="a">364966920X</marc:subfield>
      <marc:subfield code="9">3-649-66920-X</marc:subfield>
   </marc:datafield>
   <marc:datafield ind1="3" ind2=" " tag="024">
      <marc:subfield code="a">9783649669203</marc:subfield>
   </marc:datafield>
   <marc:datafield ind1="5" ind2="2" tag="028">
      <marc:subfield code="a">Best.-Nr.: 66920</marc:subfield>
   </marc:datafield>
   <marc:datafield ind1=" " ind2=" " tag="035">
      <marc:subfield code="a">(DE-599)DNB1080140654</marc:subfield>
   </marc:datafield>
   <marc:datafield ind1=" " ind2=" " tag="035">
      <marc:subfield code="a">(OCoLC)934149264</marc:subfield>
   </marc:datafield>
   <marc:datafield ind1=" " ind2=" " tag="040">
      <marc:subfield code="a">1145</marc:subfield>
      <marc:subfield code="b">ger</marc:subfield>
      <marc:subfield code="c">DE-101</marc:subfield>
      <marc:subfield code="d">9999</marc:subfield>
      <marc:subfield code="e">rda</marc:subfield>
   </marc:datafield>
   <marc:datafield ind1=" " ind2=" " tag="041">
      <marc:subfield code="a">ger</marc:subfield>
   </marc:datafield>
   <marc:datafield ind1=" " ind2=" " tag="044">
      <marc:subfield code="c">XA-DE-NW</marc:subfield>
   </marc:datafield>
   <marc:datafield ind1="7" ind2="4" tag="082">
      <marc:subfield code="a">K</marc:subfield>
      <marc:subfield code="q">DE-101</marc:subfield>
      <marc:subfield code="2">23sdnb</marc:subfield>
   </marc:datafield>
   <marc:datafield ind1=" " ind2=" " tag="090">
      <marc:subfield code="a">b</marc:subfield>
   </marc:datafield>
   <marc:datafield ind1="1" ind2=" " tag="100">
      <marc:subfield code="0">(DE-588)110121406</marc:subfield>
      <marc:subfield code="0">http://d-nb.info/gnd/110121406</marc:subfield>
      <marc:subfield code="0">(DE-101)110121406</marc:subfield>
      <marc:subfield code="a">Springer, Thomas</marc:subfield>
      <marc:subfield code="e">Verfasser</marc:subfield>
      <marc:subfield code="4">aut</marc:subfield>
   </marc:datafield>
   <marc:datafield ind1="0" ind2="0" tag="245">
      <marc:subfield code="a">Plötzlich allerdickste Freunde</marc:subfield>
      <marc:subfield code="c">eine Geschichte von Thomas Springer ; mit Bildern von Matthias Derenbach</marc:subfield>
   </marc:datafield>
   <marc:datafield ind1=" " ind2=" " tag="250">
      <marc:subfield code="a">[1. Auflage]</marc:subfield>
   </marc:datafield>
   <marc:datafield ind1=" " ind2=" " tag="259">
      <marc:subfield code="a">11</marc:subfield>
   </marc:datafield>
   <marc:datafield ind1=" " ind2="1" tag="264">
      <marc:subfield code="a">Münster</marc:subfield>
      <marc:subfield code="b">Coppenrath</marc:subfield>
      <marc:subfield code="c">[2016]</marc:subfield>
   </marc:datafield>
   <marc:datafield ind1=" " ind2=" " tag="300">
      <marc:subfield code="a">25 Seiten</marc:subfield>
      <marc:subfield code="c">31 cm, 523 g</marc:subfield>
   </marc:datafield>
   <marc:datafield ind1=" " ind2=" " tag="336">
      <marc:subfield code="a">unbewegtes Bild</marc:subfield>
      <marc:subfield code="b">sti</marc:subfield>
      <marc:subfield code="2">rdacontent</marc:subfield>
   </marc:datafield>
   <marc:datafield ind1=" " ind2=" " tag="336">
      <marc:subfield code="a">Text</marc:subfield>
      <marc:subfield code="b">txt</marc:subfield>
      <marc:subfield code="2">rdacontent</marc:subfield>
   </marc:datafield>
   <marc:datafield ind1=" " ind2=" " tag="337">
      <marc:subfield code="a">ohne Hilfsmittel zu benutzen</marc:subfield>
      <marc:subfield code="b">n</marc:subfield>
      <marc:subfield code="2">rdamedia</marc:subfield>
   </marc:datafield>
   <marc:datafield ind1=" " ind2=" " tag="338">
      <marc:subfield code="a">Band</marc:subfield>
      <marc:subfield code="b">nc</marc:subfield>
      <marc:subfield code="2">rdacarrier</marc:subfield>
   </marc:datafield>
   <marc:datafield ind1=" " ind2=" " tag="385">
      <marc:subfield code="0">(DE-588)4064017-6</marc:subfield>
      <marc:subfield code="0">http://d-nb.info/gnd/4064017-6</marc:subfield>
      <marc:subfield code="0">(DE-101)040640175</marc:subfield>
      <marc:subfield code="a">Vorschulkind</marc:subfield>
      <marc:subfield code="2">gnd</marc:subfield>
   </marc:datafield>
   <marc:datafield ind1="1" ind2=" " tag="490">
      <marc:subfield code="a">Onno &amp; Ontje / Thomas Springer</marc:subfield>
   </marc:datafield>
   <marc:datafield ind1=" " ind2="7" tag="650">
      <marc:subfield code="0">(DE-588)4140853-6</marc:subfield>
      <marc:subfield code="0">http://d-nb.info/gnd/4140853-6</marc:subfield>
      <marc:subfield code="0">(DE-101)041408535</marc:subfield>
      <marc:subfield code="a">Fischer</marc:subfield>
      <marc:subfield code="2">gnd</marc:subfield>
   </marc:datafield>
   <marc:datafield ind1=" " ind2="7" tag="650">
      <marc:subfield code="0">(DE-588)4054139-3</marc:subfield>
      <marc:subfield code="0">http://d-nb.info/gnd/4054139-3</marc:subfield>
      <marc:subfield code="0">(DE-101)040541398</marc:subfield>
      <marc:subfield code="a">Seekrankheit</marc:subfield>
      <marc:subfield code="2">gnd</marc:subfield>
   </marc:datafield>
   <marc:datafield ind1=" " ind2="7" tag="650">
      <marc:subfield code="0">(DE-588)4013634-6</marc:subfield>
      <marc:subfield code="0">http://d-nb.info/gnd/4013634-6</marc:subfield>
      <marc:subfield code="0">(DE-101)040136345</marc:subfield>
      <marc:subfield code="a">Ehefrau</marc:subfield>
      <marc:subfield code="2">gnd</marc:subfield>
   </marc:datafield>
   <marc:datafield ind1=" " ind2="7" tag="650">
      <marc:subfield code="0">(DE-588)4069349-1</marc:subfield>
      <marc:subfield code="0">http://d-nb.info/gnd/4069349-1</marc:subfield>
      <marc:subfield code="0">(DE-101)04069349X</marc:subfield>
      <marc:subfield code="a">Berufstätigkeit</marc:subfield>
      <marc:subfield code="2">gnd</marc:subfield>
   </marc:datafield>
   <marc:datafield ind1=" " ind2="7" tag="650">
      <marc:subfield code="0">(DE-588)4140853-6</marc:subfield>
      <marc:subfield code="0">http://d-nb.info/gnd/4140853-6</marc:subfield>
      <marc:subfield code="0">(DE-101)041408535</marc:subfield>
      <marc:subfield code="a">Fischer</marc:subfield>
      <marc:subfield code="2">gnd</marc:subfield>
   </marc:datafield>
   <marc:datafield ind1=" " ind2="7" tag="650">
      <marc:subfield code="0">(DE-588)4018480-8</marc:subfield>
      <marc:subfield code="0">http://d-nb.info/gnd/4018480-8</marc:subfield>
      <marc:subfield code="0">(DE-101)040184803</marc:subfield>
      <marc:subfield code="a">Freundschaft</marc:subfield>
      <marc:subfield code="2">gnd</marc:subfield>
   </marc:datafield>
   <marc:datafield ind1=" " ind2="7" tag="650">
      <marc:subfield code="0">(DE-588)4325887-6</marc:subfield>
      <marc:subfield code="0">http://d-nb.info/gnd/4325887-6</marc:subfield>
      <marc:subfield code="0">(DE-101)043258875</marc:subfield>
      <marc:subfield code="a">Otter</marc:subfield>
      <marc:subfield code="2">gnd</marc:subfield>
   </marc:datafield>
   <marc:datafield ind1=" " ind2=" " tag="653">
      <marc:subfield code="a">(Produktform)Hardback</marc:subfield>
   </marc:datafield>
   <marc:datafield ind1=" " ind2=" " tag="653">
      <marc:subfield code="a">(Lesealter)ab 3 Jahre</marc:subfield>
   </marc:datafield>
   <marc:datafield ind1=" " ind2=" " tag="653">
      <marc:subfield code="a">Fischen</marc:subfield>
   </marc:datafield>
   <marc:datafield ind1=" " ind2=" " tag="653">
      <marc:subfield code="a">Fischer</marc:subfield>
   </marc:datafield>
   <marc:datafield ind1=" " ind2=" " tag="653">
      <marc:subfield code="a">Freundschaft</marc:subfield>
   </marc:datafield>
   <marc:datafield ind1=" " ind2=" " tag="653">
      <marc:subfield code="a">Meer</marc:subfield>
   </marc:datafield>
   <marc:datafield ind1=" " ind2=" " tag="653">
      <marc:subfield code="a">Natur</marc:subfield>
   </marc:datafield>
   <marc:datafield ind1=" " ind2=" " tag="653">
      <marc:subfield code="a">Onno</marc:subfield>
   </marc:datafield>
   <marc:datafield ind1=" " ind2=" " tag="653">
      <marc:subfield code="a">Ontje</marc:subfield>
   </marc:datafield>
   <marc:datafield ind1=" " ind2=" " tag="653">
      <marc:subfield code="a">Otter</marc:subfield>
   </marc:datafield>
   <marc:datafield ind1=" " ind2=" " tag="653">
      <marc:subfield code="a">Tiere</marc:subfield>
   </marc:datafield>
   <marc:datafield ind1=" " ind2=" " tag="653">
      <marc:subfield code="a">Wattenmeer</marc:subfield>
   </marc:datafield>
   <marc:datafield ind1=" " ind2=" " tag="653">
      <marc:subfield code="a">(Produktrabattgruppe)CHB: Coppenrath Hölker Bohem</marc:subfield>
   </marc:datafield>
   <marc:datafield ind1=" " ind2=" " tag="653">
      <marc:subfield code="a">(VLB-WN)1211: Hardcover, Softcover / Kinder- und Jugendbücher/Erzählerische Bilderbücher</marc:subfield>
   </marc:datafield>
   <marc:datafield ind1=" " ind2="7" tag="655">
      <marc:subfield code="0">(DE-588)4006604-6</marc:subfield>
      <marc:subfield code="0">http://d-nb.info/gnd/4006604-6</marc:subfield>
      <marc:subfield code="0">(DE-101)040066045</marc:subfield>
      <marc:subfield code="a">Bilderbuch</marc:subfield>
      <marc:subfield code="2">gnd-content</marc:subfield>
   </marc:datafield>
   <marc:datafield ind1=" " ind2="7" tag="655">
      <marc:subfield code="0">(DE-101)1010673823</marc:subfield>
      <marc:subfield code="a">Erzählerische Bilderbücher</marc:subfield>
      <marc:subfield code="2">gatbeg</marc:subfield>
   </marc:datafield>
   <marc:datafield ind1="0" ind2="0" tag="689">
      <marc:subfield code="0">(DE-588)4140853-6</marc:subfield>
      <marc:subfield code="0">http://d-nb.info/gnd/4140853-6</marc:subfield>
      <marc:subfield code="0">(DE-101)041408535</marc:subfield>
      <marc:subfield code="D">s</marc:subfield>
      <marc:subfield code="a">Fischer</marc:subfield>
   </marc:datafield>
   <marc:datafield ind1="0" ind2="1" tag="689">
      <marc:subfield code="0">(DE-588)4054139-3</marc:subfield>
      <marc:subfield code="0">http://d-nb.info/gnd/4054139-3</marc:subfield>
      <marc:subfield code="0">(DE-101)040541398</marc:subfield>
      <marc:subfield code="D">s</marc:subfield>
      <marc:subfield code="a">Seekrankheit</marc:subfield>
   </marc:datafield>
   <marc:datafield ind1="0" ind2="2" tag="689">
      <marc:subfield code="0">(DE-588)4013634-6</marc:subfield>
      <marc:subfield code="0">http://d-nb.info/gnd/4013634-6</marc:subfield>
      <marc:subfield code="0">(DE-101)040136345</marc:subfield>
      <marc:subfield code="D">s</marc:subfield>
      <marc:subfield code="a">Ehefrau</marc:subfield>
   </marc:datafield>
   <marc:datafield ind1="0" ind2="3" tag="689">
      <marc:subfield code="0">(DE-588)4069349-1</marc:subfield>
      <marc:subfield code="0">http://d-nb.info/gnd/4069349-1</marc:subfield>
      <marc:subfield code="0">(DE-101)04069349X</marc:subfield>
      <marc:subfield code="D">s</marc:subfield>
      <marc:subfield code="a">Berufstätigkeit</marc:subfield>
   </marc:datafield>
   <marc:datafield ind1="0" ind2=" " tag="689">
      <marc:subfield code="5">DE-101</marc:subfield>
      <marc:subfield code="5">DE-101</marc:subfield>
   </marc:datafield>
   <marc:datafield ind1="1" ind2="0" tag="689">
      <marc:subfield code="0">(DE-588)4140853-6</marc:subfield>
      <marc:subfield code="0">http://d-nb.info/gnd/4140853-6</marc:subfield>
      <marc:subfield code="0">(DE-101)041408535</marc:subfield>
      <marc:subfield code="D">s</marc:subfield>
      <marc:subfield code="a">Fischer</marc:subfield>
   </marc:datafield>
   <marc:datafield ind1="1" ind2="1" tag="689">
      <marc:subfield code="0">(DE-588)4018480-8</marc:subfield>
      <marc:subfield code="0">http://d-nb.info/gnd/4018480-8</marc:subfield>
      <marc:subfield code="0">(DE-101)040184803</marc:subfield>
      <marc:subfield code="D">s</marc:subfield>
      <marc:subfield code="a">Freundschaft</marc:subfield>
   </marc:datafield>
   <marc:datafield ind1="1" ind2="2" tag="689">
      <marc:subfield code="0">(DE-588)4325887-6</marc:subfield>
      <marc:subfield code="0">http://d-nb.info/gnd/4325887-6</marc:subfield>
      <marc:subfield code="0">(DE-101)043258875</marc:subfield>
      <marc:subfield code="D">s</marc:subfield>
      <marc:subfield code="a">Otter</marc:subfield>
   </marc:datafield>
   <marc:datafield ind1="1" ind2=" " tag="689">
      <marc:subfield code="5">DE-101</marc:subfield>
      <marc:subfield code="5">DE-101</marc:subfield>
   </marc:datafield>
   <marc:datafield ind1="1" ind2=" " tag="700">
      <marc:subfield code="0">(DE-588)141872012</marc:subfield>
      <marc:subfield code="0">http://d-nb.info/gnd/141872012</marc:subfield>
      <marc:subfield code="0">(DE-101)141872012</marc:subfield>
      <marc:subfield code="a">Derenbach, Matthias</marc:subfield>
      <marc:subfield code="e">Künstler</marc:subfield>
      <marc:subfield code="4">art</marc:subfield>
   </marc:datafield>
   <marc:datafield ind1="2" ind2=" " tag="710">
      <marc:subfield code="0">(DE-588)2010292-6</marc:subfield>
      <marc:subfield code="0">http://d-nb.info/gnd/2010292-6</marc:subfield>
      <marc:subfield code="0">(DE-101)004698363</marc:subfield>
      <marc:subfield code="a">F.-Coppenrath-Verlag</marc:subfield>
      <marc:subfield code="g">Münster (Westf)</marc:subfield>
      <marc:subfield code="e">Verlag</marc:subfield>
      <marc:subfield code="4">pbl</marc:subfield>
   </marc:datafield>
   <marc:datafield ind1="1" ind2=" " tag="800">
      <marc:subfield code="a">Springer, Thomas</marc:subfield>
      <marc:subfield code="4">aut</marc:subfield>
      <marc:subfield code="t">Onno &amp; Ontje</marc:subfield>
      <marc:subfield code="w">(DE-101)1123525447</marc:subfield>
      <marc:subfield code="9">plaf</marc:subfield>
      <marc:subfield code="7">am</marc:subfield>
   </marc:datafield>
   <marc:datafield ind1=" " ind2=" " tag="850">
      <marc:subfield code="a">DE-101a</marc:subfield>
      <marc:subfield code="a">DE-101b</marc:subfield>
   </marc:datafield>
   <marc:datafield ind1="4" ind2="2" tag="856">
      <marc:subfield code="m">X:MVB</marc:subfield>
      <marc:subfield code="q">text/html</marc:subfield>
      <marc:subfield code="u">http://deposit.dnb.de/cgi-bin/dokserv?id=d03fc1d171504ee78019988c943bf9cc&amp;prov=M&amp;dok_var=1&amp;dok_ext=htm</marc:subfield>
      <marc:subfield code="3">Inhaltstext</marc:subfield>
   </marc:datafield>
   <marc:datafield ind1="r" ind2=" " tag="925">
      <marc:subfield code="a">ra</marc:subfield>
   </marc:datafield>
</marc:record>
